| 000 | 00556nam a2200217 a 4500 | ||
|---|---|---|---|
| 999 |
_c4632 _d4632 |
||
| 001 | 4632 | ||
| 003 | BD-JhCC | ||
| 005 | 20171129112905.0 | ||
| 008 | 171129s1974 bg |||| ||b| 001 0 eng d | ||
| 035 | _a(BD-JhCC)4632 | ||
| 040 |
_aBD-JhCC _dBD-JhCC |
||
| 041 | _aeng | ||
| 082 |
_a954.1403 _bAHM 1974 |
||
| 100 | _aAhmed, Sufia | ||
| 245 |
_aMuslim Community ins Bengal 1884-1912 / _cSufia Ahmed |
||
| 260 |
_aDacca : _bOxford University Press, _c1974. |
||
| 300 |
_a425 p. : _c24 cm. |
||
| 650 |
_aMuslim _zBengal |
||
| 942 |
_2ddc _cBK |
||